[Event "Yerevan ol (Women)"]
[Site "Yerevan"]
[Date "1996.??.??"]
[Round "11"]
[White "Sheremetieva, Marina"]
[Black "Bekiarisova, Alena"]
[Result "1-0"]
[WhiteElo "2270"]
[BlackElo "2110"]

1.e4 c5 2.Nf3 d6 3.Bb5+ Bd7 4.Bxd7+ Qxd7 5.c4 Nc6 6.Nc3 Nf6 7.d4 cxd4 8.Nxd4 g6
9.O-O Bg7 10.Nde2 O-O 11.f3 a6 12.a4 e6 13.Bg5 Qc7 14.Kh1 Rfe8 15.Rc1 Nd7
16.b3 Nde5 17.Qd2 Na5 18.Rb1 b6 19.Rfd1 Nb7 20.Rbc1 Rac8 21.Nd4 Qb8 22.Na2 Na5
23.Rb1 Rc7 24.f4 Ng4 25.Qe2 Nf6 26.Nf3 Nb7 27.e5 dxe5 28.fxe5 Nd7 29.Nc3 Qc8
30.Ne4 Nxe5 31.Nxe5 Bxe5 32.Bf6 Bf4 33.Bd4 e5 34.Nf6+ Kg7 35.Nxe8+ Qxe8 36.Bxb6 Rc6
37.Be3 Bxe3 38.Qxe3 Nd6 39.Rd5 f6 40.Rbd1 Qb8 41.c5 Nf7 42.Rd7 Qb4 43.Rc1 Qg4
44.Qd2 Qe6 45.b4 e4 46.b5 axb5 47.axb5 e3 48.Qd5 e2 49.Re1 Qxd5 50.Rxd5 Re6
51.c6 Re4 52.c7 Rf4 53.Kg1  1-0

[Event "Yerevan ol (Women)"]
[Site "Yerevan"]
[Date "1996.??.??"]
[Round "11"]
[White "Gramignani, Rita"]
[Black "Berezina, Irina"]
[Result "0-1"]
[WhiteElo "2030"]
[BlackElo "2235"]

1.e4 c5 2.Nf3 d6 3.Bb5+ Bd7 4.Bxd7+ Qxd7 5.O-O Nc6 6.c3 Nf6 7.Re1 Ne5 8.d4 Nxf3+
9.Qxf3 e6 10.Na3 cxd4 11.cxd4 Be7 12.Qg3 O-O 13.Bh6 Ne8 14.Rac1 Kh8 15.Bf4 Nf6
16.Qh3 Rac8 17.Qd3 Nh5 18.Bd2 Nf6 19.f3 Kg8 20.Qb3 g6 21.Rc3 Rfd8 22.Rec1 Ne8
23.Rxc8 Rxc8 24.Rxc8 Qxc8 25.Qc2 Qxc2 26.Nxc2 d5 27.exd5 exd5 28.Nb4 Bxb4
29.Bxb4 Nc7 30.Kf2 Ne6 31.Ke3 Kg7 32.Bd6 Kf6 33.g4 Nd8 34.Bb4 Ke6 35.Kd3 Nc6
36.Bd2 Nb8 37.Bf4 Nd7 38.Kc3 h5 39.h3 f6 40.Kd3 Nb6 41.b3 Nc8 42.Bd2 Ne7
43.Ke3 Nc6 44.Kd3 Nd8 45.Ke3 Nf7 46.Kd3 hxg4 47.hxg4 f5 48.Ke2 Nd6 49.g5 Nf7
50.Bf4 Kd7 51.Kd3 Kc6 52.Kc3 Kb5 53.a4+ Kc6 54.Kb4 Nd8 55.Be5 Kb6 56.Kc3 Ne6
57.f4 Ka5 58.Bd6 Ng7 59.Be7 b6 60.Bd6 Nh5 61.Bb4+ Ka6 62.Bd6 Ng3 63.Kb4 Kb7
64.a5 Ne4 65.Be5 Kc6 66.Bg7 Nd2 67.axb6 axb6 68.Kc3 Ne4+ 69.Kb4 Nf2 70.Be5 Nd1
71.Bg7 Ne3 72.Bf6 Nf1 73.Bg7 Ng3 74.Bf6 Ne4 75.Be5 Ng3 76.Bf6 Ne2 77.Be5 Nc1
78.Bf6 Nd3+  0-1

[Event "Yerevan ol (Men)"]
[Site "Yerevan"]
[Date "1996.??.??"]
[Round "11"]
[White "Denny, Kevin"]
[Black "Cummings, David H"]
[Result "0-1"]
[WhiteElo "2240"]
[BlackElo "2360"]

1.e4 c5 2.Nf3 d6 3.Bb5+ Nd7 4.d4 cxd4 5.Qxd4 Nf6 6.Bg5 a6 7.Bxd7+ Nxd7 8.Nc3 f6
9.Be3 e6 10.O-O-O Be7 11.Qc4 Ne5 12.Nxe5 fxe5 13.Rd3 b5 14.Qb3 Qc7 15.Rhd1 Rb8
16.f4 O-O 17.f5 Qc4 18.fxe6 Bxe6 19.Nd5 Bxd5 20.Rxd5 Rbc8 21.Kd2 h6 22.Qxc4 Rxc4
23.Kd3 Rfc8 24.c3 Kf7 25.Rc1 Ke6 26.b3 R4c6 27.c4 Bg5 28.Bxg5 hxg5 29.h3 R8c7
30.Rc2 Kd7 31.Rd2 bxc4+ 32.bxc4 Ke6 33.Rc2 Rb7 34.c5 Rb5 35.Rxd6+ Rxd6+ 36.cxd6 Kxd6
37.Ke3 Rc5 38.Rd2+ Ke6 39.g3 Ra5 40.Kf3 Ra3+ 41.Kf2 a5 42.Rd8 g4 43.hxg4 Rxa2+
44.Kf3 Ra3+ 45.Kf2 a4 46.Ra8 Kf6 47.Ra5 Ra1 48.Kf3 a3 49.g5+ Ke6 50.Ra6+ Kd7
51.Kg4 a2 52.g6 Kc7 53.Kg5 Kb7 54.Ra4 Kb6 55.Kg4 Kb5 56.Ra8 Kc4 57.Kg5 Kd4
58.Ra4+ Kd3 59.Kg4 Kc2 60.Ra8 Kb3 61.Rb8+ Kc3 62.Ra8 Kd3 63.Ra4 Ke3 64.Kg5 Kf3
65.Kf5 Kxg3 66.Kxe5 Kg4 67.Ke6 Kg5 68.e5 Kxg6  0-1

[Event "Yerevan ol (Men)"]
[Site "Yerevan"]
[Date "1996.??.??"]
[Round "12"]
[White "Rublevsky, Sergei"]
[Black "Huzman, Alexander"]
[Result "1/2-1/2"]
[WhiteElo "2645"]
[BlackElo "2575"]

1.e4 c5 2.Nf3 d6 3.Bb5+ Bd7 4.Bxd7+ Qxd7 5.c4 Nf6 6.Nc3 Nc6 7.O-O g6 8.d4 cxd4
9.Nxd4 Bg7 10.Nde2 O-O 11.f3 a6 12.a4 Qd8 13.Kh1 Nd7 14.Re1 Qa5 15.Nd5 e6
16.b4 Qd8 17.Ne3 Qc7 18.Bb2 a5 19.Bxg7 Kxg7 20.b5 Nb4 21.Qd4+  1/2-1/2

[Event "Yerevan ol (Men)"]
[Site "Yerevan"]
[Date "1996.??.??"]
[Round "12"]
[White "Mifsud, Timothy"]
[Black "Faulks, Nick"]
[Result "0-1"]
[WhiteElo "2230"]
[BlackElo "2040"]

1.e4 c5 2.Nf3 d6 3.Bb5+ Nd7 4.d4 Nf6 5.Nc3 a6 6.Bxd7+ Nxd7 7.O-O cxd4 8.Qxd4 e6
9.Be3 Qc7 10.a4 Ne5 11.Nxe5 dxe5 12.Qb6 Qxb6 13.Bxb6 Bd7 14.Bc7 f6 15.Rfd1 Bc5
16.Bd6 Bxd6 17.Rxd6 Ke7 18.Rad1 Rhd8 19.Kf1 Bc6 20.Rxd8 Rxd8 21.Rxd8 Kxd8
22.Ke2 f5 23.b3 g5 24.Kd3 Ke7 25.f3 h5 26.Kc4 Kd6 27.b4 g4 28.b5 Be8 29.Kb4 f4
30.h4 gxh3 31.gxh3 h4 32.Nb1 a5+ 33.Kxa5 Kc5 34.Nd2 Bh5 35.Nb3+ Kc4 36.Kb6 Kc3
37.a5 Bxf3 38.Kxb7 Bxe4+ 39.Ka7 f3 40.Nc5 Bd5 41.Nd3 e4 42.Nf4 f2  0-1

[Event "Yerevan ol (Men)"]
[Site "Yerevan"]
[Date "1996.??.??"]
[Round "12"]
[White "Hamid, Mansour Kadi"]
[Black "Michelakis, George"]
[Result "1-0"]
[WhiteElo "2300"]
[BlackElo "2410"]

1.e4 c5 2.Nf3 d6 3.Bb5+ Nd7 4.O-O Nf6 5.Re1 a6 6.Bf1 e6 7.c3 Be7 8.d4 O-O
9.e5 Nd5 10.c4 Nb4 11.a3 Nc6 12.exd6 Bxd6 13.dxc5 Bxc5 14.b4 Be7 15.Bb2 a5
16.b5 Ncb8 17.Nc3 Nc5 18.Qc2 Qc7 19.Ne4 Nxe4 20.Qxe4 Nd7 21.Bd3 g6 22.Qe3 Bf6
23.Bxf6 Nxf6 24.Ne5 Rd8 25.h4 Kg7 26.Bc2 b6 27.h5 Nxh5 28.Be4 Bb7 29.Bxb7 Qxb7
30.Nc6 Re8 31.g4 Nf6 32.Qe5 h6 33.f4 Rh8 34.g5 hxg5 35.fxg5 Rh5 36.Qxf6+ Kg8
37.Rf1 Re8 38.Kg2 e5 39.Rh1 Qd7 40.Rxh5 Qg4+ 41.Kf2 Qxh5 42.Rf1 Qh4+ 43.Ke3 Qxc4
44.a4 Qc5+ 45.Ke4  1-0

[Event "Yerevan ol (Men)"]
[Site "Yerevan"]
[Date "1996.??.??"]
[Round "12"]
[White "Bologan, Viktor"]
[Black "Ehlvest, Jaan"]
[Result "1/2-1/2"]
[WhiteElo "2600"]
[BlackElo "2660"]

1.e4 c5 2.Nf3 d6 3.Bb5+ Bd7 4.Bxd7+ Nxd7 5.O-O Ngf6 6.Qe2 e6 7.b3 a6 8.Bb2 Qc7
9.c4 g6 10.Ng5 h6 11.Nh3 Bg7 12.f4 O-O 13.d3 b5 14.Nd2 bxc4 15.dxc4 a5 16.Nf2 Nh5
17.Bxg7 Kxg7 18.Nd1 a4 19.Nc3 axb3 20.Nxb3 Nhf6 21.Rfd1 Ra6 22.Rd2 e5 23.f5 Qb8
24.Nb5 Ne8 25.Rd3 Ndf6 26.Nd2 Nh5 27.g3 Nef6 28.fxg6 fxg6 29.Nb1 Nh7 30.N1c3 Ng5
31.Rf1 Rxf1+ 32.Qxf1 Nf6 33.Nd5 Nxd5 34.Rxd5 Nxe4 35.Qd3 Nf6 36.Rxd6 Rxa2
37.Qf1 Qf8 38.Re6 Nd7 39.Qxf8+ Kxf8 40.Rxg6 Rc2 41.Rxh6 Rxc4  1/2-1/2

[Event "Yerevan ol (Men)"]
[Site "Yerevan"]
[Date "1996.??.??"]
[Round "13"]
[White "Grosar, Aljosa"]
[Black "Rytshagov, Mikhail"]
[Result "1-0"]
[WhiteElo "2485"]
[BlackElo "2495"]

1.e4 c5 2.Nf3 d6 3.Bb5+ Bd7 4.Bxd7+ Qxd7 5.O-O Nf6 6.e5 dxe5 7.Nxe5 Qd6 8.d4 Qxd4
9.Qxd4 cxd4 10.Rd1 e6 11.Rxd4 Bc5 12.Rd3 Nbd7 13.Nxd7 Nxd7 14.Nc3 Nf6 15.Bg5 Be7
16.Nb5 O-O 17.c4 a6 18.Nc3 Rfd8 19.Rad1 Rxd3 20.Rxd3 Rc8 21.b3 Kf8 22.Kf1 Ke8
23.Ke2 Rd8 24.h3 Rxd3 25.Kxd3 Kd7 26.Be3 e5 27.c5 Ke6 28.Kc4 Nd7 29.b4 f5
30.f3 Bd8 31.a4 h5 32.b5 axb5+ 33.Nxb5 g6 34.Nd6 b6 35.Nb7 Bc7 36.Kb5 bxc5
37.Kc6 Bb6 38.Bxc5  1-0

[Event "Yerevan ol (Women)"]
[Site "Yerevan"]
[Date "1996.??.??"]
[Round "14"]
[White "Arribas, Maritza"]
[Black "Batceceg, Cagaan"]
[Result "1-0"]
[WhiteElo "2280"]
[BlackElo "2195"]

1.e4 c5 2.Nf3 d6 3.Bb5+ Bd7 4.Bxd7+ Nxd7 5.O-O g6 6.c3 Bg7 7.d4 Qc7 8.Re1 a6
9.Bf4 e5 10.dxe5 dxe5 11.Bg5 h6 12.Bh4 g5 13.Bg3 Ne7 14.c4 O-O 15.Nc3 Rfe8
16.h4 g4 17.Nh2 h5 18.f3 f5 19.Nd5 Nxd5 20.Qxd5+ Kf8 21.exf5 Nf6 22.Qd2 Rad8
23.Qe2 Qd7 24.fxg4 hxg4 25.Nxg4 Nh5 26.Nxe5 Qd4+ 27.Bf2 Nf4 28.Qf3 Qxb2 29.Ng6+ Nxg6
30.fxg6+ Bf6 31.Rxe8+ Rxe8 32.Bxc5+ Kg8 33.Qd5+ Kh8 34.Qh5+  1-0

[Event "Zalakaros op"]
[Site "Zalakaros"]
[Date "1996.??.??"]
[Round "3"]
[White "Chernyshov, Konstantin"]
[Black "Parkanyi, Attila"]
[Result "1-0"]
[WhiteElo "2470"]
[BlackElo "2365"]

1.e4 c5 2.Nf3 d6 3.Bb5+ Bd7 4.a4 Nc6 5.O-O Nf6 6.Re1 e5 7.h3 Be7 8.c3 O-O
9.d4 cxd4 10.cxd4 Nxd4 11.Nxd4 exd4 12.Qxd4 Bxb5 13.axb5 d5 14.e5 Ne4 15.Be3 Bc5
16.Qd3 d4 17.Bf4 Ng5 18.Bxg5 Qxg5 19.Nd2 Rfd8 20.Re4 Qg6 21.Rae1 Bb4 22.R1e2 Rac8
23.Nf3 Bc5 24.Nh4 Qe6 25.f4 Bb6 26.Kh2 f5 27.exf6 Qxf6 28.Nf5 Bc5 29.Re6 Qf7
30.Re7 Bxe7 31.Nxe7+ Kh8 32.Nxc8 Rxc8 33.Qxd4 h6 34.Re5 b6 35.Rd5 Rf8 36.Kg3 Qg6+
37.Kf3 Re8 38.Re5 Rf8 39.h4 Qf6 40.h5 Rd8 41.Qe4 Qf7 42.Kg4 Qd7+ 43.Kh4 Rf8
44.g3 Qd8+ 45.Kg4 Qc8+ 46.Kf3 Qh3 47.Qd4 Rc8 48.Qd6 Rg8 49.Qc6 Rf8 50.Qe4 Kg8
51.Qd3 Kh8 52.Qd5 Kh7 53.Qd6 Rg8 54.Qg6+ Kh8 55.Qe6 Qh2 56.Qd7 Qxb2 57.Qxa7 Qb3+
58.Kg2 Qc2+ 59.Kh3 Qc8+ 60.Kh4 g5+ 61.fxg5 hxg5+ 62.Rxg5 Qc4+ 63.g4 Rxg5
64.Kxg5 Qxb5+ 65.Kh4 Qc6 66.Qa1+ Kg8 67.Qd4 b5 68.Kg5 Kh7 69.Kf4 Qc1+ 70.Ke4 Qc6+
71.Qd5 Qc2+ 72.Qd3 Qc6+ 73.Kf4+ Kg8 74.Qd4 Qh6+ 75.Kg3 Qa6 76.g5 Qa3+ 77.Kf4 Qf8+
78.Kg4 Qc8+ 79.Kg3 Qc7+ 80.Qf4 Qc3+ 81.Kf2 b4 82.g6 Qc5+  1-0

[Event "Zalakaros op"]
[Site "Zalakaros"]
[Date "1996.??.??"]
[Round "5"]
[White "Biro, Sandor"]
[Black "Kincs, Imre"]
[Result "1-0"]
[WhiteElo "2340"]
[BlackElo "2225"]

1.e4 c5 2.Nf3 d6 3.Bb5+ Bd7 4.Bxd7+ Qxd7 5.O-O Nc6 6.c3 Nf6 7.d4 Nxe4 8.d5 Nd8
9.Re1 Nf6 10.Bg5 b5 11.a4 bxa4 12.Rxa4 Rb8 13.Ra2 e5 14.Bxf6 gxf6 15.Nh4 Rg8
16.Re4 Rg5 17.Nd2 Rb7 18.f4 Rg8 19.Rea4 Bh6 20.Ne4 Ke7 21.Qh5 Bxf4 22.Nf5+ Kf8
23.Nxf6 Qb5 24.Nxh7+  1-0

[Event "Zlin op"]
[Site "Zlin"]
[Date "1996.??.??"]
[Round "?"]
[White "Sosna, Jan"]
[Black "Lechtynsky, Jiri"]
[Result "1-0"]
[WhiteElo "2295"]
[BlackElo "2415"]

1.e4 c5 2.Nf3 d6 3.Bb5+ Bd7 4.Bxd7+ Nxd7 5.c4 Ngf6 6.Nc3 Ne5 7.O-O Qd7 8.d3 Nxf3+
9.Qxf3 g6 10.Rb1 Bg7 11.b4 Ng4 12.Bd2 Ne5 13.Qg3 cxb4 14.Rxb4 O-O 15.f4 Nc6
16.Rbb1 f5 17.h4 Rab8 18.h5 Qe8 19.hxg6 Qxg6 20.Qh3 Nd4 21.Rfe1 e6 22.Nb5 fxe4
23.Rxe4 Nf5 24.Rbe1 e5 25.fxe5 dxe5 26.Rg4 Qb6+ 27.Kh2 Qf2 28.Bc3 Rf7 29.Rxe5 Rbf8
30.Rxf5 Qxf5 31.Nd6 Qc5 32.Nxf7 Rxf7 33.Qg3 Qh5+ 34.Kg1 Qc5+ 35.Bd4 Qf8 36.Rxg7+ Rxg7
37.Bxg7 Qxg7 38.Kf2 Qxg3+ 39.Kxg3 Kf7 40.Kf4 Ke6 41.d4 a6 42.a4  1-0

[Event "Hallsberg opJ32"]
[Site "Hallsberg"]
[Date "1997.01.01"]
[Round "5"]
[White "Kulaots, Kaido"]
[Black "Nilsson, Mattias"]
[Result "1/2-1/2"]
[WhiteElo "2405"]
[BlackElo "2145"]

1.e4 c5 2.Nf3 d6 3.Bb5+ Bd7 4.Bxd7+ Qxd7 5.O-O Nc6 6.b3 Nf6 7.Qe2 e5 8.d3 g6
9.Bg5 Bg7 10.Bxf6 Bxf6 11.Nc3 O-O 12.Nd5 Bg7 13.Nd2 f5 14.a4 Bh6 15.Nc4 Kh8
16.f3 Rf7 17.Qf2 Raf8 18.c3 Nd8 19.b4 cxb4 20.cxb4 Nc6 21.b5 Nd4 22.Qb2 Rc8
23.Rab1 fxe4 24.fxe4 Rcf8 25.h3 Bf4 26.Nxf4 Rxf4 27.Rxf4 Rxf4 28.Ne3 Rf8
29.Nd5 Kg7 30.Kh2 Qd8 31.Rc1 Qh4 32.Rc7+ Kh8 33.Qc1 Rf2 34.Rc8+ Kg7 35.Rc7+ Kh8
36.Rc8+  1/2-1/2

[Event "RUS-Cup4"]
[Site "Perm"]
[Date "1997.02.10"]
[Round "3"]
[White "Sadvakasov, Darmen"]
[Black "Sergeeva, Maria"]
[Result "1-0"]
[WhiteElo "2405"]
[BlackElo "2165"]

1.e4 c5 2.Nf3 d6 3.Bb5+ Bd7 4.Bxd7+ Nxd7 5.O-O Ngf6 6.Qe2 e6 7.b3 Be7 8.Bb2 O-O
9.c4 d5 10.e5 Ne4 11.d3 Ng5 12.Nxg5 Bxg5 13.f4 Be7 14.cxd5 exd5 15.Nc3 Nb6
16.f5 Bg5 17.Rae1 Re8 18.Qg4 Kh8 19.Nb5 Nc8 20.Rf3 d4 21.Rg3 f6 22.h4 Bh6
23.Bc1 Re7 24.Bxh6 gxh6 25.Re4 a6 26.exf6 Rf7 27.Nc7 Nd6 28.Re7 Qxc7 29.Qg7+ Rxg7
30.fxg7+ Kg8 31.Rxc7 Nxf5 32.Rf3 Nxh4 33.Rf8+ Rxf8 34.gxf8=Q+ Kxf8 35.Rxc5  1-0

[Event "Aruna"]
[Site "Copenhagen"]
[Date "1997.05.10"]
[Round "8"]
[White "Fuglsang, Flemming"]
[Black "Aagaard, Jacob"]
[Result "0-1"]
[WhiteElo "2275"]
[BlackElo "2440"]

1.e4 c5 2.Nf3 d6 3.Bb5+ Nd7 4.c3 Nf6 5.O-O a6 6.Ba4 Nxe4 7.Re1 Nf6 8.d4 b5
9.Bc2 Bb7 10.Bf4 e6 11.a4 Be7 12.axb5 axb5 13.Na3 Qb6 14.Qe2 c4 15.b3 d5
16.bxc4 dxc4 17.Bc1 Nd5 18.Ne5 N7f6 19.Naxc4 bxc4 20.Rxa8+ Bxa8 21.Ba4+ Kf8
22.Qxc4 Qc7 23.Qa6 Bb7 24.Qa7 Bd6 25.Bd2 Ke7 26.Rb1 Ba8 27.Qxc7+ Nxc7 28.c4 Be4
29.Re1 Ra8 30.Bd1 Bb7 31.Bg5 Bb4 32.Rf1 Bc3  0-1

[Event "Oberwart op"]
[Site "Oberwart"]
[Date "1997.07.05"]
[Round "1"]
[White "Lendwai, Reinhard"]
[Black "Sziebert, Adam"]
[Result "1-0"]
[WhiteElo "2385"]
[BlackElo "2300"]

1.e4 c5 2.Nf3 d6 3.Bb5+ Nd7 4.O-O Nf6 5.Re1 a6 6.Bf1 g6 7.c3 Bg7 8.d4 O-O
9.Bg5 b5 10.a4 Bb7 11.Nbd2 Qb6 12.h3 Rac8 13.axb5 axb5 14.Qb3 c4 15.Qb4 Ra8
16.b3 Rxa1 17.Rxa1 cxb3 18.Bd3 Rc8 19.Qxb3 h6 20.Be3 d5 21.e5 Ne4 22.Nb1 Nb8
23.Ne1 f5 24.exf6 Nxf6 25.Bxg6 Nc6 26.Nd3 Na5 27.Qb4 Nc6 28.Qb2 e6 29.Nc5 Na5
30.Rxa5 Rxc5 31.Qb4 Rc7 32.Rxb5 Qa7 33.Bf4 Bf8 34.Qb2 Rg7 35.Bxh6 Rc7 36.Bxf8 Kxf8
37.Nd2 Ba6 38.Rb8+ Kg7 39.Bb1 Bb7 40.Rd8 Qa5 41.Qc2 Ne4 42.Nxe4 dxe4 43.c4 Qg5
44.Rb8 Rf7 45.Qc3 Qf4 46.d5+  1-0

[Event "Oberwart op"]
[Site "Oberwart"]
[Date "1997.07.07"]
[Round "3"]
[White "Lendwai, Reinhard"]
[Black "Wohlfahrt, Herbert J"]
[Result "1/2-1/2"]
[WhiteElo "2385"]
[BlackElo "2275"]

1.e4 c5 2.Nf3 d6 3.Bb5+ Bd7 4.Bxd7+ Nxd7 5.O-O e6 6.c4 Ne5 7.d3 Nf6 8.Nc3 Be7
9.Ne1 O-O 10.f4 Nc6 11.Nc2 Nd7 12.Be3 Bf6 13.Qd2 a6 14.d4 cxd4 15.Nxd4 Nxd4
16.Bxd4 Qc7 17.b3 Rfd8 18.Rad1 Rac8 19.Rf3 Qc6 20.Rd3 Be7 21.Rg3 g6 22.f5 Ne5
23.a4 Qe8  1/2-1/2

[Event "Oberwart op"]
[Site "Oberwart"]
[Date "1997.07.09"]
[Round "5"]
[White "Mahdi, Khaled"]
[Black "Sziebert, Adam"]
[Result "1/2-1/2"]
[WhiteElo "2425"]
[BlackElo "2300"]

1.e4 c5 2.Nf3 d6 3.Bb5+ Bd7 4.Bxd7+ Qxd7 5.O-O Nf6 6.Re1 e6 7.c3 Be7 8.d4 cxd4
9.cxd4 O-O 10.Nc3 Na6 11.a3 Nc7 12.Qd3 Rfd8 13.Bf4 b5 14.h3 a5 15.a4 bxa4
16.Nxa4 Rdb8 17.Rac1 Na6 18.Nd2 Nb4 19.Qe2 Qb7 20.Rc3 Rc8 21.Rd1 d5 22.Bg5 dxe4
23.Bxf6 Bxf6 24.Nxe4 Be7 25.Rdc1 Nd5 26.Rxc8+ Rxc8 27.Rxc8+ Qxc8 28.Nec3 Nxc3
29.bxc3 Qc6 30.Qc2 Bf6 31.Qb3 g6 32.Kf1 Qa6+ 33.Ke1 Kg7 34.Nc5 Qc6 35.Qb7 Qd6
36.f4 g5 37.fxg5 Bxg5 38.Kd1 Kg6 39.Qe4+ Kg7 40.Qg4 Qf4 41.Qxf4 Bxf4 42.Kc2 Kf6
43.c4  1/2-1/2

[Event "Oberwart op"]
[Site "Oberwart"]
[Date "1997.07.10"]
[Round "6"]
[White "Ruck, Robert"]
[Black "Danner, Georg"]
[Result "1/2-1/2"]
[WhiteElo "2450"]
[BlackElo "2430"]

1.e4 c5 2.Nf3 d6 3.Bb5+ Bd7 4.Bxd7+ Nxd7 5.b3 Ngf6 6.Qe2 g6 7.Bb2 Bg7 8.O-O O-O
9.d4 cxd4 10.Bxd4 Qa5 11.c4 Rac8 12.Nbd2 Nh5  1/2-1/2

[Event "Politiken Cup"]
[Site "Copenhagen"]
[Date "1997.07.14"]
[Round "9"]
[White "Rasmussen, Karsten"]
[Black "Mortensen, Erling"]
[Result "1-0"]
[WhiteElo "2425"]
[BlackElo "2455"]

1.e4 c5 2.Nf3 d6 3.Bb5+ Bd7 4.Bxd7+ Qxd7 5.O-O Nf6 6.Re1 Nc6 7.d4 cxd4 8.Nxd4 g6
9.Nxc6 bxc6 10.b3 Bg7 11.Bb2 O-O 12.c4 Qb7 13.Qc2 Nd7 14.Bxg7 Kxg7 15.Nd2 a5
16.Qc3+ f6 17.a3 Rfb8 18.Re3 Qa7 19.Nf3 Nc5 20.Rb1 e5 21.b4 axb4 22.axb4 Ne6
23.c5 dxc5 24.Nxe5 cxb4 25.Qc4 fxe5 26.Qxe6 Qc7 27.h4 c5 28.Rd3 Rd8 29.Rf3 Qd6
30.Qf7+ Kh8 31.Qc4 Ra3 32.Rxa3 bxa3 33.Rb7 Rf8 34.Ra7 Qd2 35.Qxc5 Qe1+ 36.Kh2 Qxf2
37.Qxe5+ Qf6 38.Qxf6+ Rxf6 39.Kg3 Re6 40.Kf4 h6  1-0

[Event "Wch U20"]
[Site "Zagan"]
[Date "1997.07.15"]
[Round "2"]
[White "Baklan, Vladimir"]
[Black "Morrison, Graham"]
[Result "1-0"]
[WhiteElo "2570"]
[BlackElo "2325"]

1.e4 c5 2.Nf3 d6 3.Bb5+ Nd7 4.d4 cxd4 5.Qxd4 a6 6.Bxd7+ Bxd7 7.Bg5 h6 8.Bh4 Qa5+
9.Nc3 e5 10.Qd3 g5 11.Bg3 Nf6 12.h4 Bb5 13.Qe3 g4 14.Nd2 h5 15.f4 gxf3 16.Qxf3 Ng4
17.O-O-O Rc8 18.Kb1 Rh6 19.Nd5 Rg6 20.Be1 Qd8 21.Nf1 Nf6 22.Ba5 Qxa5 23.Nxf6+ Kd8
24.Ne3 Bc4 25.Nxc4 Rxc4 26.Nd5 Rg7 27.Rhf1 Qc5 28.c3 Qc6 29.Qxh5 Rxe4 30.Qh8 Ke8
31.Rf2 Ra4 32.h5 Qc4 33.Nf6+ Ke7 34.Qh6 Rg4 35.Qd2 Kd8 36.Nxg4 Qxg4 37.Rxf7  1-0

[Event "Wch U20 Girls"]
[Site "Zagan"]
[Date "1997.07.18"]
[Round "5"]
[White "Hagesaether, Ellen"]
[Black "Hitzgerova, Gabriela"]
[Result "1/2-1/2"]
[WhiteElo "2045"]
[BlackElo "2195"]

1.e4 c5 2.Nf3 d6 3.Bb5+ Bd7 4.Bxd7+ Qxd7 5.O-O Nc6 6.c3 Nf6 7.Re1 g6 8.d4 cxd4
9.Nxd4 Bg7 10.f3 O-O 11.Be3 Rfd8 12.c4 e6 13.Nc3 Ne5 14.b3 d5 15.exd5 exd5
16.c5 Nc6 17.Qd2 Nxd4 18.Bxd4 Ne4 19.Qd3 Nxc3 20.Qxc3 Bf8 21.Qd2 Rac8 22.Rac1 Qb5
23.Qe2 Qxe2 24.Rxe2 Rc7 25.Rc3 Rdc8 26.Rec2 Bg7 27.Bxg7 Kxg7 28.b4 Kf6 29.Rd3 a5
30.a3 axb4 31.axb4 Rd8  1/2-1/2

[Event "Wch U20"]
[Site "Zagan"]
[Date "1997.07.21"]
[Round "7"]
[White "Iordachescu, Viorel"]
[Black "Van den Doel, Erik"]
[Result "1-0"]
[WhiteElo "2500"]
[BlackElo "2440"]

1.e4 c5 2.Nf3 d6 3.Bb5+ Bd7 4.Bxd7+ Qxd7 5.c4 Nc6 6.O-O Nf6 7.Nc3 Nd4 8.d3 Nxf3+
9.Qxf3 g6 10.Qe2 Bg7 11.f4 O-O 12.Kh1 e6 13.Be3 Qc6 14.Rae1 Nd7 15.f5 a6
16.Qd2 b5 17.Bh6 b4 18.Nd1 exf5 19.exf5 Rae8 20.Rxe8 Rxe8 21.Bxg7 Kxg7 22.Qf4 d5
23.fxg6 Qxg6 24.Ne3 dxc4 25.dxc4 Ne5 26.Nf5+ Kh8 27.h3 Qf6 28.b3 h5 29.Qe3 Qc6
30.Rd1 Ng4 31.Qg3  1-0

[Event "Komercni Banka op"]
[Site "Pardubice"]
[Date "1997.07.23"]
[Round "7"]
[White "Oral, Tomas"]
[Black "Korobov, Ilya"]
[Result "1/2-1/2"]
[WhiteElo "2435"]
[BlackElo "2335"]

1.e4 c5 2.Nf3 d6 3.Bb5+ Nc6 4.Bxc6+ bxc6 5.O-O e5 6.c3 Be7 7.d4 cxd4 8.cxd4 Qc7
9.dxe5 dxe5 10.Qc2 Nf6 11.Nxe5 O-O 12.Nc4 Ba6 13.Nbd2 Ng4 14.Nf3 Bd6 15.h3 Ne5
16.Nfxe5 Bxe5 17.Rb1 Rad8 18.b3 Rfe8 19.Be3 Bd4 20.Rfe1 h6 21.Bxd4 Rxd4 22.Rbd1 c5
23.Rxd4 cxd4 24.Qd3 Qc5 25.Rd1 Rd8 26.Rd2 Qb4 27.Re2 Qc5 28.f4 Bb5 29.e5 Rc8
30.Rd2 Rd8 31.Rc2 Qd5 32.Rd2 Rd7 33.Kh2 a5 34.Qf5 Bxc4 35.bxc4 Qc6 36.Rb2 Rd8
37.Qd3 a4 38.Re2 Qb6 39.Re4 Qb2 40.c5 Qxa2 41.c6 Qb3 42.c7 Rc8 43.Qxd4 Qb7
44.Qd8+ Kh7 45.Rxa4 Qxc7 46.Qxc7 Rxc7 47.Kg3 g6 48.Ra3 Kg7 49.Kf3 Rc2 50.g4 Rc4
51.Ke3 Rb4 52.Kf3 Rc4 53.Rd3 Rb4 54.h4 g5 55.f5 Rf4+ 56.Kg3 Re4 57.Rd5 Re1
58.h5 Re4 59.Kf3 Re1 60.Kf2 Re4 61.f6+ Kh7 62.Ra5 Kg8 63.Kf3 Re1 64.Ra8+ Kh7
65.Ra7 Kg8 66.Re7 Kf8 67.Kf2 Re4 68.Kg2 Re2+  1/2-1/2

[Event "Wch U20 Girls"]
[Site "Zagan"]
[Date "1997.07.24"]
[Round "10"]
[White "Darchia, Diana"]
[Black "Peptan, Corina"]
[Result "1-0"]
[WhiteElo "2120"]
[BlackElo "2425"]

1.e4 c5 2.Nf3 d6 3.Bb5+ Bd7 4.Bxd7+ Qxd7 5.c4 g6 6.d4 cxd4 7.Nxd4 Bg7 8.Be3 Nf6
9.f3 Nc6 10.Nc3 O-O 11.O-O a6 12.a4 Rac8 13.b3 Qd8 14.Qd2 Nd7 15.Rab1 Nc5
16.Rfd1 Re8 17.Nde2 Ne5 18.f4 Ng4 19.Bd4 Bxd4+ 20.Nxd4 e5 21.Nf3 Qb6 22.a5 Qa7
23.Kf1 exf4 24.Qd4 Ne3+ 25.Kg1 Nxd1 26.Nd5 Re6 27.Rxd1 Qb8 28.Nh4 Re5 29.Nf3 Rxd5
30.exd5 Nxb3 31.Qxf4 Qc7 32.Ng5 Nc5 33.Qf6 Re8 34.Rf1 Re7 35.h4 Ne4 36.Nxe4 Rxe4
37.h5 Qe7 38.h6 Qxf6 39.Rxf6 Rxc4 40.Rxd6 Kf8 41.Rd7 Ke8 42.Rxb7 Rc5 43.d6 Rxa5
44.Re7+ Kf8 45.Ra7 Re5 46.Rxa6 Ke8 47.Ra7 g5 48.Ra8+ Kd7 49.Rh8 Re8 50.Rxh7 Ke6
51.Kf2 Kf6 52.Rg7 Rh8 53.d7 Rd8 54.Kf3 Ra8 55.Ke4 Rd8 56.g4 Rh8 57.Kd5 Ke7
58.Kc6 Rxh6+ 59.Kc7 Rh8 60.Rxg5 f6 61.Rd5 Ke6 62.d8=Q Rxd8 63.Rxd8  1-0

[Event "Wch U20 Girls"]
[Site "Zagan"]
[Date "1997.07.24"]
[Round "10"]
[White "Hagesaether, Ellen"]
[Black "Vajda, Szidonia"]
[Result "0-1"]
[WhiteElo "2045"]
[BlackElo "2355"]

1.e4 c5 2.Nf3 d6 3.Bb5+ Bd7 4.Bxd7+ Qxd7 5.O-O Nc6 6.c3 Nf6 7.Re1 e6 8.d4 cxd4
9.cxd4 d5 10.exd5 Nxd5 11.Ne5 Nxe5 12.dxe5 O-O-O 13.a3 Kb8 14.Qb3 Bc5 15.Nc3 Nxc3
16.Qxc3 Qd4 17.Qf3 Qd5 18.Qxd5 Rxd5 19.Be3 Rc8 20.b4 Be7 21.Rac1 b6 22.Kf1 Rxc1
23.Bxc1 a5 24.bxa5 Rxa5 25.Be3 Kb7 26.Rb1 Bc5 27.Bxc5 Rxc5 28.f4 Rc4 29.g3 Rc2
30.Kg1 Kc7 31.Rb3 Rd2 32.Rc3+ Kd7 33.Rb3 Kc6 34.Rc3+ Kd5 35.Rb3 Kc5 36.Rc3+ Kd5
37.Rb3 Kc6 38.Rc3+ Kb7 39.Rb3 h5 40.h4 Kc6 41.Rc3+ Kb7 42.Rb3 g6 43.Kf1 Kc6
44.Rc3+ Kd5 45.Rb3 Kc5 46.Ke1 Ra2 47.Rc3+ Kd4 48.Rb3 Ke4 49.Rxb6 Rxa3 50.Kf2 Ra2+
51.Kg1 Kf3 52.Rb3+ Kg4 53.Rc3 Kh3 54.Kf1 Rg2 55.Rc7 Kxg3 56.Rc3+ Kh2 57.Rc7 Rg4
58.Rxf7 Kg3 59.Rf6 Rxf4+ 60.Kg1 Rg4 61.Rxe6 Kxh4+ 62.Kh2 Kg5  0-1

[Event "AUT-ch"]
[Site "Moesern"]
[Date "1997.08.02"]
[Round "1"]
[White "Mahdi, Khaled"]
[Black "Wittmann, Walter"]
[Result "1/2-1/2"]
[WhiteElo "2400"]
[BlackElo "2405"]

1.e4 c5 2.Nf3 d6 3.Bb5+ Nd7 4.O-O Nf6 5.Re1 a6 6.Bf1 b6 7.d3 Bb7 8.Nbd2 Qc7
9.b3 g6 10.Bb2 e5 11.Nc4 Bg7 12.Ne3 O-O 13.c4 b5 14.Nd2 b4 15.a3 a5 16.Ra2 Nb6
17.g3 Bc6 18.a4 Qe7 19.Bc1 Bd7 20.Bg2 Ra7 21.h3 h5 22.Nf3 Nh7 23.Kh2 Bf6
24.Rf1 Kh8 25.Qe1 Rg8 26.Qd1 Raa8 27.Re2 Raf8 28.Nd2 Bg7 29.Nd5 Nxd5 30.cxd5 Bc8
31.Nc4 Qd8 32.f4 Ba6 33.f5 h4 34.g4 Bxc4 35.dxc4 g5  1/2-1/2

[Event "MK Cafe op-A"]
[Site "Koszalin"]
[Date "1997.08.03"]
[Round "1"]
[White "Shilov, Sergej"]
[Black "Ribli, Zoltan"]
[Result "1-0"]
[WhiteElo "2345"]
[BlackElo "2570"]

1.e4 c5 2.Nf3 d6 3.Bb5+ Nc6 4.O-O Bd7 5.d4 cxd4 6.Nxd4 Nf6 7.Nc3 e6 8.f4 Qc7
9.Bxc6 bxc6 10.Qe2 Qb6 11.Be3 Qxb2 12.Qd3 Qb8 13.Rab1 Qc7 14.Qa6 Be7 15.Rb7 Qc8
16.Rfb1 O-O 17.Qa3 c5 18.Nf3 Re8 19.Rxa7 Bc6 20.e5 Ng4 21.Bd2 dxe5 22.Nxe5 c4
23.Qa5 Rxa7 24.Qxa7 Ba8 25.Kh1 Nxe5 26.fxe5 Bc5 27.Qa4 Bd4 28.Be1 Rd8 29.Qa5 Rd7
30.h3 h6 31.Kh2 Kh7 32.Ne2 Qe8 33.a4 Bc6  1-0

[Event "AUT-ch"]
[Site "Moesern"]
[Date "1997.08.03"]
[Round "2"]
[White "Lendwai, Reinhard"]
[Black "Danner, Georg"]
[Result "1/2-1/2"]
[WhiteElo "2375"]
[BlackElo "2415"]

1.e4 c5 2.Nf3 d6 3.Bb5+ Bd7 4.Bxd7+ Nxd7 5.O-O Ngf6 6.Re1 e6 7.c4 Ne5 8.d3 Be7
9.Nc3 Nfd7 10.h3 Nxf3+ 11.Qxf3 Bf6 12.Be3 Ne5 13.Qd1 Nc6 14.Ne2 O-O 15.Qd2 Qa5
16.Qxa5 Nxa5 17.Rab1 Nc6 18.Red1 Rfd8 19.d4 cxd4 20.Nxd4 Nxd4 21.Bxd4 Rac8
22.b3 Bxd4 23.Rxd4 Kf8 24.Rbd1 Ke7 25.Kf1 f6 26.Ke2 a5 27.f4 Rc5  1/2-1/2